Дети большого дома : (Record no. 478391)
[ view plain ]
| 000 -LEADER | |
|---|---|
| fixed length control field | 00900nam a2200217 a 4500 |
| 001 - CONTROL NUMBER | |
| control field | 000084857 |
| 003 - CONTROL NUMBER IDENTIFIER | |
| control field | AM-YeHGA |
| 005 - DATE AND TIME OF LATEST TRANSACTION | |
| control field | 20250618075618.0 |
| 008 - FIXED-LENGTH DATA ELEMENTS--GENERAL INFORMATION | |
| fixed length control field | 030329s1954 ||||||||||||||||||||rus c |
| 040 ## - CATALOGING SOURCE | |
| Original cataloging agency | AM-YeHGA |
| 090 ## - LOCALLY ASSIGNED LC-TYPE CALL NUMBER (OCLC); LOCAL CALL NUMBER (RLIN) | |
| -- | 481723 |
| 100 1# - MAIN ENTRY--PERSONAL NAME | |
| Personal name | Քոչար, Հրաչյա, |
| Dates associated with a name | 1910-1965 |
| 9 (RLIN) | 1301 |
| 245 10 - TITLE STATEMENT | |
| Title | Дети большого дома : |
| Remainder of title | Роман / |
| Statement of responsibility, etc. | Р. Кочар ; Авториз. пер. с арм. А. Тадеосян ; Под ред. В. Авдеева. |
| 260 ## - PUBLICATION, DISTRIBUTION, ETC. | |
| Place of publication, distribution, etc. | Ереван : |
| Name of publisher, distributor, etc. | Айпетрат, |
| Date of publication, distribution, etc. | 1954. |
| 300 ## - PHYSICAL DESCRIPTION | |
| Extent | 512 с. ; |
| Dimensions | 23 см. |
| 650 14 - SUBJECT ADDED ENTRY--TOPICAL TERM | |
| Topical term or geographic name entry element | Армянская литература |
| General subdivision | Роман |
| 650 14 - SUBJECT ADDED ENTRY--TOPICAL TERM | |
| Topical term or geographic name entry element | Армяне в великой отечественной войне 1941-1945 гг. |
| 650 14 - SUBJECT ADDED ENTRY--TOPICAL TERM | |
| Topical term or geographic name entry element | Патриотизм советского народа |
| 700 1# - ADDED ENTRY--PERSONAL NAME | |
| Personal name | Авдеев, В. |
| Relator term | ред. |
| Relationship | edt |
| 700 1# - ADDED ENTRY--PERSONAL NAME | |
| Personal name | Тадеосян, А. |
| Relator term | пер. |
| Relationship | trl |
| Withdrawn status | Lost status | Source of classification or shelving scheme | Damaged status | Not for loan | Collection | Home library | Current library | Date acquired | Total checkouts | Full call number | Barcode | Date last seen | Price effective from | Koha item type | Public note |
|---|---|---|---|---|---|---|---|---|---|---|---|---|---|---|---|
| Universal Decimal Classification | General | Fundamental Scientific Library | Fundamental Scientific Library | 09/11/2018 | РД II/15031 | FL0527935 | 09/11/2018 | 09/11/2018 | Գրքեր / Books | 30 Days Load | |||||
| Universal Decimal Classification | General | Fundamental Scientific Library | Fundamental Scientific Library | 09/11/2018 | РД II/15029 | FL0527989 | 09/11/2018 | 09/11/2018 | Գրքեր / Books | 30 Days Load | |||||
| Universal Decimal Classification | General | Fundamental Scientific Library | Fundamental Scientific Library | 09/11/2018 | РД II/15027 | FL0527991 | 09/11/2018 | 09/11/2018 | Գրքեր / Books | 30 Days Load |
ՀՀ Գիտությունների ազգային ակադեմիայի հիմնարար գիտական գրադարան = Fundamental Scientific Library of NAS RA
All site content, except where otherwise noted, is licensed under a